000 01081nam a22001337a 4500
999 _c528348
_d528348
008 241203b ||||| |||| 00| 0 eng d
100 _a Lin-Greenberg, Erik
_949192
245 _aWars are not accidents: Managing risk in the face of escalation
260 _aForeign Affairs
300 _a103(6), Nov-Dec, 2024: p.20-25
520 _aIsrael’s assassination of a top Hamas leader in Tehran in July, Ukraine’s incursion over the summer into Russia, and a recent series of increasingly assertive Chinese air and maritime interceptions in the South China Sea have fanned fears that long-simmering conflicts could escalate into broader wars. In the wake of these provocations, analysts fret about the heightened risk of military accidents and strategic misperceptions. They worry that incidents of this sort could ratchet up tensions until policymakers lose control and stumble into wars they do not intend to fight. – Reproduced https://www.foreignaffairs.com/world/wars-are-not-accidents-managing-risk-erik-lin-greenberg
773 _aForeign Affairs
942 _cAR